Wszyscy gospodarze mistrzostw świata w piłce nożnej - Statystyki

Ogólne statystyki
  • Ten quiz został rozwiązany 163 razy
    85 od ostatniego zresetowania
  • Średni wynik to 18 z 25
Statystyki odpowiedzi
Wskazówki Odpowiedzi % Poprawnych
1994 USA
99%
2022 Katar
91%
2018 Rosja
91%
1974 RFN
89%
2006 Niemcy
88%
2014 Brazylia
87%
1950 Brazylia
87%
1986 Meksyk
85%
1970 Meksyk
85%
1998 Francja
84%
1938 Francja
84%
1982 Hiszpania
80%
1978 Argentyna
79%
1930 Urugwaj
79%
1990 Włochy
77%
1934 Włochy
77%
2010 RPA
73%
1966 Anglia
65%
2034 Arabia Saudyjska
56%
1958 Szwecja
51%
1962 Chile
47%
2002 Korea i Japonia
35%
1954 Szwajcaria
32%
2026 USA, Kanada i Meksyk
27%
2030 Hiszpania, Portugalia i Maroko
11%
Nie znaleziono quizów pasujących do podanych kryteriów
Rozkład punktacji
Procent ludzi z każdym wynikiem
Percentyl według liczby udzielonych odpowiedzi
Twoja historia wyników
Nie rozwiązałeś tego quizu od ostatniego zresetowania